[Event "ICS rated bullet match"]
[Site "204.178.125.65"]
[Date "2000.09.24"]
[Round "?"]
[White "Varguz"]
[Black "Hossa"]
[Result "1-0"]
[WhiteElo "2360"]
[BlackElo "2399"]
[PlyCount "65"]
[EventDate "2000.??.??"]

1. e4 d5 2. exd5 Qxd5 3. Nc3 Qa5 4. d4 Nf6 5. Nf3 Bg4 6. h3 Bxf3 7. Qxf3 c6 8.
Bd2 Nbd7 9. O-O-O e6 10. Bc4 O-O-O 11. Kb1 Bb4 12. a3 Bxc3 13. Bxc3 Qc7 14. Bd2
Nb6 15. Bf4 Qe7 16. Bb3 Nfd5 17. Be5 Nf6 18. Rhe1 Nbd7 19. Bh2 Ne8 20. d5 cxd5
21. Bxd5 Nc5 22. b4 Rd7 23. bxc5 Qxc5 24. Re3 Rxd5 25. Rxd5 Qxd5 26. Rc3+ Nc7
27. Qxf7 Qb5+ 28. Ka1 Qb6 29. Bxc7 Qc6 30. Rxc6 bxc6 31. Bd6 Kd8 32. Qe7+ Kc8
33. Qc7# {Hossa checkmated} 1-0

[Event "ICS rated blitz match"]
[Site "204.178.125.65"]
[Date "2000.09.24"]
[Round "?"]
[White "PostModernist"]
[Black "Hossa"]
[Result "0-1"]
[WhiteElo "2732"]
[BlackElo "2589"]
[PlyCount "94"]
[EventDate "2000.??.??"]

1. d4 d5 2. Nf3 Nf6 3. e3 e6 4. Nbd2 c5 5. Bd3 c4 6. Be2 Bd6 7. b3 c3 8. Nb1
Ne4 9. O-O O-O 10. Bd3 Nc6 11. Ba3 Nb4 12. Bxe4 dxe4 13. Ne5 Nd5 14. Bxd6 Qxd6
15. Qg4 f5 16. Qh5 b5 17. a4 b4 18. Rd1 Nf6 19. Qg5 Ba6 20. Re1 Rad8 21. a5 Nd7
22. Nc4 Bxc4 23. bxc4 e5 24. c5 Qd5 25. Qe7 exd4 26. c6 Nc5 27. exd4 Qxd4 28.
Qxa7 Qd6 29. a6 Ra8 30. Qb6 Rfb8 31. Qa5 Rxa6 32. Qxa6 Nxa6 33. Rxa6 g6 34. h3
Rc8 35. h4 b3 36. cxb3 c2 37. Na3 Qd1 38. Nxc2 Qxc2 39. b4 Rxc6 40. Ra8+ Kg7
41. Ra7+ Kh6 42. Rb7 Qd2 43. Rf1 e3 44. g4 fxg4 45. Re7 exf2+ 46. Kg2 Qd3 47.
Rxh7+ Kxh7 {PostModernist resigns} 0-1

[Event "ICS Rated blitz match"]
[Site "204.178.125.65"]
[Date "2000.09.24"]
[Round "?"]
[White "Hossa"]
[Black "PostModernist"]
[Result "1/2-1/2"]
[WhiteElo "2611"]
[BlackElo "2710"]
[PlyCount "243"]
[EventDate "2000.??.??"]

1. d4 Nf6 2. c4 e6 3. Nf3 d5 4. Nc3 c6 5. e3 Nbd7 6. cxd5 exd5 7. Bd3 Bd6 8.
O-O O-O 9. a3 Re8 10. Qc2 Nf8 11. b4 Bg4 12. Bd2 Qc7 13. h3 Bxf3 14. gxf3 Ng6
15. f4 Nh4 16. f3 Qc8 17. f5 Qc7 18. Bc1 a5 19. bxa5 Rxa5 20. a4 b5 21. Ra2 b4
22. Ne2 Ra7 23. Bd2 Rb7 24. Rb2 Nh5 25. e4 Bh2+ 26. Kh1 b3 27. Qb1 dxe4 28.
fxe4 Reb8 29. a5 c5 30. a6 Ra7 31. dxc5 Be5 32. Rxb3 Rc8 33. Be3 Bf6 34. Qe1
Qe7 35. c6 Rxa6 36. Bc5 Qe8 37. Bd4 Bg5 38. Qb1 Raa8 39. Bb5 Nf6 40. Ng3 Qe7
41. Qc2 Ne8 42. Bc5 Qf6 43. Qb2 Qxb2 44. Rxb2 Bf6 45. Rbb1 Ra5 46. Rfc1 Be5 47.
Ne2 Nf3 48. Nc3 Rb8 49. c7 Bxc7 50. Be3 Ra3 51. Bd3 Rd8 52. Bc5 Rxd3 53. Bxa3
Bf4 54. Bc5 Ng5 55. h4 Rh3+ 56. Kg1 Nf3+ 57. Kg2 Rg3+ 58. Kf2 Nxh4 59. Rd1 Rxc3
60. Rd8 h5 61. Rxe8+ Kh7 62. Bb4 Rc2+ 63. Ke1 Ng2+ 64. Kf1 Be3 65. Be1 Bc5 66.
Bg3 h4 67. Rbb8 Kh6 68. Be5 f6 69. Bc7 Bd4 70. Rh8+ Kg5 71. Rbd8 Ne3+ 72. Kg1
Nxf5+ 73. Kh1 Ne3 74. Rxd4 Rxc7 75. Rd3 Kf4 76. e5 Rc1+ 77. Kh2 Ng4+ 78. Kg2
Rc2+ 79. Kf1 Ne3+ 80. Kg1 fxe5 81. Rxh4+ Kg3 82. Rxe3+ Kxh4 83. Rxe5 g5 84. Rf5
g4 85. Rf4 Kh3 86. Rf1 g3 87. Re1 Rc3 88. Rf1 Rb3 89. Re1 g2 90. Rd1 Rf3 91.
Re1 Rd3 92. Rc1 Re3 93. Rd1 Rc3 94. Re1 Ra3 95. Rd1 Re3 96. Rc1 Rd3 97. Re1 Rc3
98. Rd1 Rb3 99. Rc1 Rf3 100. Re1 Rg3 101. Rd1 Rg5 102. Rd3+ Kh4 103. Re3 Rg7
104. Rf3 Rg8 105. Rf2 Kh3 106. Rf3+ Kg4 107. Kxg2 Rg6 108. Rf2 Kh4+ 109. Kh2
Kh5 110. Rf1 Rg7 111. Rh1 Kh6 112. Re1 Kg6 113. Rf1 Rh7+ 114. Kg3 Rh6 115. Rg1
Kg7 116. Rf1 Rg6+ 117. Kh3 Rg5 118. Rh1 Rg6 119. Rf1 Rg5 120. Rh1 Rg6 121. Rf1
Rg5 122. Rh1 {Game drawn by repetition} 1/2-1/2

[Event "ICS rated blitz match"]
[Site "204.178.125.65"]
[Date "2000.09.24"]
[Round "?"]
[White "Hossa"]
[Black "Parn"]
[Result "1-0"]
[WhiteElo "2615"]
[BlackElo "2065"]
[PlyCount "73"]
[EventDate "2000.??.??"]

1. d4 d6 2. c4 f5 3. Nf3 Nf6 4. Nc3 g6 5. e3 Bg7 6. Bd3 O-O 7. O-O c6 8. Qb3
Kh8 9. Rd1 Qc7 10. Bd2 e5 11. dxe5 dxe5 12. Be2 e4 13. Ng5 h6 14. Nh3 g5 15.
Qc2 Na6 16. a3 Be6 17. f4 g4 18. Nf2 h5 19. b3 h4 20. Be1 Qf7 21. Nh1 Qh5 22.
Rd6 Rae8 23. Rad1 Qh7 24. Bf1 Nh5 25. Bxh4 Nxf4 26. Bg3 Ng6 27. R6d2 Ne5 28.
Ne2 Bc8 29. Nf4 Nc5 30. b4 Ne6 31. Qa4 a6 32. Nf2 Ng5 33. Be2 Rf6 34. Qa5 Rh6
35. Rd8 Rf8 36. Rxf8+ Bxf8 37. Qxe5+ {Parn resigns} 1-0

[Event "ICS Rated blitz match"]
[Site "204.178.125.65"]
[Date "2000.09.24"]
[Round "?"]
[White "Sofie"]
[Black "Hossa"]
[Result "0-1"]
[WhiteElo "1941"]
[BlackElo "2616"]
[PlyCount "24"]
[EventDate "2000.??.??"]

1. d4 d5 2. Bf4 Nf6 3. Nf3 e6 4. e3 c5 5. c4 cxd4 6. Nxd4 Nbd7 7. cxd5 e5 8.
Bxe5 Nxe5 9. f4 Bb4+ 10. Nd2 Ne4 11. fxe5 Bxd2+ 12. Ke2 Qxd5 {Sofie resigns}
0-1

[Event "ICS Rated blitz match"]
[Site "204.178.125.65"]
[Date "2000.09.24"]
[Round "?"]
[White "Varguz"]
[Black "Hossa"]
[Result "1-0"]
[WhiteElo "2802"]
[BlackElo "2617"]
[PlyCount "79"]
[EventDate "2000.??.??"]

1. c4 Nf6 2. Nc3 c5 3. Nf3 d5 4. cxd5 Nxd5 5. e4 Nxc3 6. dxc3 Qxd1+ 7. Kxd1 Bg4
8. Kc2 Nd7 9. Be2 f5 10. h3 Bxf3 11. gxf3 g6 12. exf5 gxf5 13. Re1 Bg7 14. Bd3
Ne5 15. Bxf5 Nxf3 16. Rd1 Rd8 17. Rxd8+ Kxd8 18. Be4 Rf8 19. Be3 Kc7 20. Bxc5
Ng5 21. Bg2 Ne6 22. Bxa7 b6 23. Re1 Rf6 24. Bd5 Rxf2+ 25. Kb1 Nd4 26. cxd4 Bxd4
27. Re6 Rxb2+ 28. Kc1 Rb5 29. Bf3 Rf5 30. Rxe7+ Kd8 31. Re4 Rxf3 32. Rxd4+ Kc7
33. Rh4 Rf1+ 34. Kc2 Rf2+ 35. Kb3 Kb7 36. Rxh7+ Ka6 37. Bb8 Rf8 38. Be5 Rf5 39.
Bd4 Rd5 40. Kc3 {Hossa resigns} 1-0

[Event "ICS rated blitz match"]
[Site "204.178.125.65"]
[Date "2000.09.24"]
[Round "?"]
[White "Hossa"]
[Black "PostModernist"]
[Result "0-1"]
[WhiteElo "2609"]
[BlackElo "2708"]
[PlyCount "116"]
[EventDate "2000.??.??"]

1. e4 g6 2. d4 Bg7 3. Nc3 e6 4. h4 d5 5. e5 Nc6 6. h5 gxh5 7. Nf3 Nge7 8. a3 f6
9. Rxh5 fxe5 10. dxe5 b6 11. Bd3 h6 12. Rb1 Bb7 13. b4 a6 14. Bf4 Qd7 15. Qd2
O-O-O 16. a4 a5 17. bxa5 Nxa5 18. Bb5 Nac6 19. a5 bxa5 20. g4 d4 21. Ne2 Qd5
22. Rh3 Ng6 23. Bh2 Rhf8 24. Rb3 Nb4 25. Nfxd4 Nxe5 26. Bxe5 Bxe5 27. Rh5 Qg2
28. Rxb4 Rxf2 29. Qd3 Qf1+ 30. Kd2 Bf4+ 31. Kc3 Qe1+ 32. Kb2 Qxb4+ 33. Ka2 e5
34. Ba6 Qa4+ 35. Kb2 Rxd4 36. Nxd4 exd4 37. Bxb7+ Kxb7 38. Rb5+ Kc6 39. Rb8 Be5
40. Qa6+ Kc5 41. Qd3 Rf1 42. Qa3+ Qxa3+ 43. Kxa3 Ra1+ 44. Kb2 d3+ 45. c3 d2 46.
Rd8 Bxc3+ 47. Kxc3 d1=Q 48. Rxd1 Rxd1 49. Kc2 Rd4 50. Kc3 Rxg4 51. Kd3 a4 52.
Ke3 a3 53. Kd3 a2 54. Kd2 a1=Q 55. Ke2 Rg2+ 56. Ke3 Qf6 57. Ke4 Re2+ 58. Kd3
Qf3# {Hossa checkmated} 0-1

[Event "ICS rated blitz match"]
[Site "204.178.125.65"]
[Date "2000.09.24"]
[Round "?"]
[White "PostModernist"]
[Black "Hossa"]
[Result "1-0"]
[WhiteElo "2724"]
[BlackElo "2597"]
[PlyCount "117"]
[EventDate "2000.??.??"]

1. e4 g6 2. d4 Bg7 3. Nf3 d6 4. c3 Nf6 5. Bd3 O-O 6. O-O c5 7. h3 cxd4 8. cxd4
Nc6 9. Nc3 Nb4 10. d5 e6 11. Bc4 Qc7 12. Qe2 exd5 13. exd5 Re8 14. Be3 Bf5 15.
Nd4 Bd7 16. Ndb5 Bxb5 17. Nxb5 Qd7 18. Nc3 Qf5 19. Rfd1 Bh6 20. a3 Na6 21. Bb5
Rxe3 22. fxe3 Nc5 23. Rf1 Qe5 24. Rf3 Nfe4 25. Rc1 Ng3 26. Qf2 Nce4 27. Qe1 Bg7
28. Bd3 f5 29. Rd1 Re8 30. Nxe4 fxe4 31. Rxg3 exd3 32. Rxd3 Qxb2 33. Qd2 Qa1+
34. Qd1 Qe5 35. Rf3 Qe7 36. Rb3 b6 37. Rb4 Rc8 38. a4 Bh6 39. Qd4 Rc1+ 40. Kh2
Bg7 41. Qd2 Qe5+ 42. Rff4 Rc8 43. Rbe4 Qg5 44. Rc4 Re8 45. Kg1 Qe5 46. Qd3 Bh6
47. Rfe4 Qa1+ 48. Kh2 Rf8 49. Qe2 Rf7 50. Qg4 b5 51. axb5 Qa2 52. Qe6 Kg7 53.
Qxd6 Qb3 54. Rc7 Rxc7 55. Qxc7+ Kf8 56. Qd6+ Kg7 57. Re7+ Kg8 58. Re8+ Kf7 59.
Qe7# {Hossa checkmated} 1-0

[Event "ICS rated blitz match"]
[Site "204.178.125.65"]
[Date "2000.09.24"]
[Round "?"]
[White "Hossa"]
[Black "Varguz"]
[Result "0-1"]
[WhiteElo "2587"]
[BlackElo "2810"]
[PlyCount "130"]
[EventDate "2000.??.??"]

1. d4 Nf6 2. Nf3 g6 3. c4 Bg7 4. g3 d6 5. Bg2 O-O 6. O-O Nbd7 7. Nc3 e5 8. dxe5
dxe5 9. Qc2 c6 10. Qd2 Qe7 11. Rd1 Nc5 12. Qd6 Qxd6 13. Rxd6 Nfe4 14. Nxe4 Nxe4
15. Rd1 Be6 16. Ne1 f5 17. Bxe4 fxe4 18. b3 Bg4 19. Kf1 b5 20. c5 Bh3+ 21. Ng2
a5 22. Rd6 Rfc8 23. Be3 Bf8 24. Rd2 Be7 25. Kg1 Rd8 26. Rad1 Rxd2 27. Rxd2 Kf7
28. Rd1 Kf6 29. Ne1 g5 30. Nc2 Be6 31. Kg2 h5 32. h3 Kf5 33. Kh2 Ra7 34. Rg1
Rd7 35. g4+ Kg6 36. gxh5+ Kxh5 37. Kg3 Rd8 38. Na3 Rg8 39. Nc2 Rh8 40. Rh1 Kg6
41. Rh2 Rh4 42. f3 exf3 43. exf3 a4 44. bxa4 Rxa4 45. a3 Rc4 46. Nb4 Bxc5 47.
Bxc5 Rxc5 48. Rd2 Kf5 49. Rd6 Bd5 50. Rd8 e4 51. Rf8+ Kg6 52. Nxd5 cxd5 53.
fxe4 dxe4 54. Kg4 Re5 55. Rf2 Rd5 56. Rf8 Rd1 57. Rg8+ Kf7 58. Ra8 Rg1+ 59. Kf5
e3 60. Ra7+ Kf8 61. Ra8+ Ke7 62. Ra7+ Kd6 63. Ra6+ Kd5 64. Ra8 e2 65. Rd8+ Kc4
{Hossa resigns} 0-1

[Event "ICS rated blitz match"]
[Site "204.178.125.65"]
[Date "2000.09.24"]
[Round "?"]
[White "Hossa"]
[Black "PostModernist"]
[Result "0-1"]
[WhiteElo "2580"]
[BlackElo "2718"]
[PlyCount "92"]
[EventDate "2000.??.??"]

1. e4 g6 2. d4 Bg7 3. Nc3 e6 4. Nf3 d6 5. Bc4 Nd7 6. O-O a6 7. Bg5 Ne7 8. Qd2
b5 9. Bb3 Bb7 10. Bh6 Bxh6 11. Qxh6 b4 12. Ne2 Bxe4 13. Qg7 Rg8 14. Qxh7 Bxf3
15. gxf3 Nf6 16. Qh6 c6 17. Rfe1 Nf5 18. Qd2 Nh4 19. Qe3 g5 20. Ng3 Nd5 21.
Bxd5 cxd5 22. Qb3 Qf6 23. Re3 Qxd4 24. c3 bxc3 25. bxc3 Qc4 26. Qxc4 dxc4 27.
Rb1 d5 28. Rb7 Kf8 29. Nh5 Rg6 30. a4 Rh6 31. Ng3 f5 32. Nf1 f4 33. Re2 Nxf3+
34. Kg2 g4 35. Rd7 Rb8 36. Ra7 e5 37. Rd7 Rb1 38. Rd8+ Ke7 39. Rxe5+ Kxd8 40.
Rxd5+ Ke7 41. h3 Rxh3 42. Re5+ Nxe5 43. f3 Rb2+ 44. Nd2 Rxd2+ 45. Kg1 Nxf3+ 46.
Kf1 Rh1# {Hossa checkmated} 0-1

[Event "ICS Rated blitz match"]
[Site "204.178.125.65"]
[Date "2000.09.24"]
[Round "?"]
[White "PostModernist"]
[Black "Hossa"]
[Result "0-1"]
[WhiteElo "2728"]
[BlackElo "2570"]
[PlyCount "132"]
[EventDate "2000.??.??"]

1. e4 e5 2. Bc4 Nf6 3. d3 c6 4. Nf3 d5 5. Bb3 Bd6 6. exd5 cxd5 7. Bg5 e4 8.
dxe4 dxe4 9. Nfd2 Be5 10. c3 O-O 11. Bc2 Bf5 12. Bxf6 Qxf6 13. Bxe4 Re8 14. Kf1
Bxe4 15. Nxe4 Qf5 16. Nbd2 Bc7 17. Qe2 Nc6 18. Re1 Rad8 19. Qc4 Bf4 20. Nf3 Bc1
21. b4 Qf4 22. Nfg5 h6 23. Nf3 Re6 24. b5 Ne5 25. Nxe5 Rxe5 26. f3 Be3 27. h4
Ree8 28. a4 Kh8 29. Qb4 f5 30. Nf2 Bd2 31. Rxe8+ Rxe8 32. Nd3 Qxb4 33. cxb4 Re3
34. h5 Rxd3 35. Ke2 Rd4 36. Rd1 Be3 37. Rb1 Bf4 38. g4 fxg4 39. fxg4 Bd6 40.
Rc1 Kh7 41. Rc8 Rxb4 42. Rd8 Bc5 43. Kf3 Rxa4 44. Rd7 Rb4 45. Rxb7 Bb6 46. Rb8
Rxb5 47. Rc8 a5 48. Ra8 Rb4 49. Rc8 Rb3+ 50. Ke4 a4 51. Ra8 a3 52. Ra6 Kg8 53.
Kf4 Kf8 54. Ke5 Bf2 55. Kd5 Ke7 56. Re6+ Kf7 57. Ra6 Rg3 58. Ra8 Bg1 59. Kd6
Kf6 60. Ra5 Rd3+ 61. Kc6 Be3 62. Kc7 Bd2 63. Ra4 Kg5 64. Kc6 Bf4 65. Kb5 Kxg4
66. Kc6 Rh3 {PostModernist resigns} 0-1

[Event "ICS rated blitz match"]
[Site "204.178.125.65"]
[Date "2000.09.24"]
[Round "?"]
[White "Hossa"]
[Black "PostModernist"]
[Result "0-1"]
[WhiteElo "2593"]
[BlackElo "2705"]
[PlyCount "136"]
[EventDate "2000.??.??"]

1. e4 c5 2. Nf3 g6 3. d4 cxd4 4. Nxd4 Nc6 5. Nc3 Bg7 6. Be3 Nf6 7. Bc4 Qa5 8.
O-O O-O 9. Nb3 Qb4 10. Qe2 Ne5 11. Bd3 b6 12. f4 Nxd3 13. cxd3 d6 14. e5 dxe5
15. fxe5 Nh5 16. Nd5 Qh4 17. Qe1 Qxe1 18. Raxe1 Kh8 19. Bg5 f6 20. exf6 exf6
21. Nc7 Rb8 22. Bh4 g5 23. Bf2 Nf4 24. Re3 Bb7 25. Bg3 Bxg2 26. Rxf4 gxf4 27.
Bxf4 Bb7 28. Ne6 Rbc8 29. Nxf8 Bxf8 30. Re6 Kg7 31. Re2 Bd5 32. d4 a5 33. Rf2
a4 34. Nc1 Bd6 35. Be3 Kg6 36. a3 Re8 37. Bd2 Re4 38. Ne2 Kf7 39. Bc3 Bb7 40.
Rg2 h5 41. Rf2 Ba6 42. Nc1 Bc4 43. Rg2 Ke6 44. Rg8 Bf4 45. Re8+ Kf5 46. Rxe4
Kxe4 47. d5 Kxd5 48. Bxf6 Bxc1 49. Kf2 Bf4 50. Kg2 Be5 51. Bxe5 Kxe5 52. Kf2
Kf4 53. Kg2 Ke3 54. Kh3 Kd2 55. Kg3 Kc2 56. h4 Kxb2 57. Kf4 Kxa3 58. Kg5 Kb3
59. Kxh5 a3 60. Kg5 a2 61. Kf5 a1=Q 62. Kg4 Qd4+ 63. Kf5 Qxh4 64. Kg6 Be6 65.
Kg7 Qg5+ 66. Kf8 Qf6+ 67. Ke8 Qg7 68. Kd8 Qd7# {Hossa checkmated} 0-1

[Event "ICS rated blitz match"]
[Site "204.178.125.65"]
[Date "2000.09.24"]
[Round "?"]
[White "PostModernist"]
[Black "Hossa"]
[Result "1/2-1/2"]
[WhiteElo "2716"]
[BlackElo "2582"]
[PlyCount "289"]
[EventDate "2000.??.??"]

1. d4 d5 2. Nf3 Nf6 3. e3 e6 4. Bd3 c5 5. c3 Be7 6. Nbd2 Nc6 7. O-O O-O 8. dxc5
Bxc5 9. e4 Bb6 10. exd5 exd5 11. Nb3 Bg4 12. Bg5 h6 13. Bh4 Re8 14. h3 Bxf3 15.
Qxf3 Ne5 16. Qf5 Nxd3 17. Qxd3 Re5 18. Qf3 Qe7 19. Bxf6 Qxf6 20. Qxf6 gxf6 21.
a4 Re2 22. Rab1 Rae8 23. a5 Bc7 24. g4 R2e5 25. Nc5 f5 26. Nd7 R5e6 27. gxf5
Rd6 28. Nc5 Rc6 29. Nxb7 a6 30. b4 Rxc3 31. Rfe1 Rb8 32. Nc5 Ra8 33. Rb3 Rc4
34. Nd7 Rd8 35. Nf6+ Kf8 36. b5 Bxa5 37. Ra1 Bc3 38. Rxa6 Bd4 39. Rc6 Be5 40.
Ng4 Rxc6 41. bxc6 Bf4 42. Rb4 d4 43. h4 Bd6 44. Rb1 Rc8 45. Rc1 d3 46. Rd1 Rxc6
47. Rxd3 h5 48. Nf6 Be7 49. Nxh5 Bxh4 50. Rd4 Be7 51. Ra4 Bd8 52. Ra8 Ke7 53.
Kg2 Bc7 54. Ra4 Rc5 55. Ra7 Rxf5 56. Rxc7+ Kd6 57. Rb7 Rxh5 58. Rxf7 Ke6 59.
Ra7 Kf6 60. Ra6+ Kf7 61. f4 Rh4 62. Kg3 Rh5 63. Kg4 Rh2 64. f5 Rg2+ 65. Kf3 Rh2
66. Rb6 Rh1 67. Re6 Rh4 68. Rg6 Rd4 69. Kg3 Re4 70. Rh6 Re3+ 71. Kf4 Re2 72.
Rd6 Rf2+ 73. Kg4 Rg2+ 74. Kf3 Rh2 75. Ra6 Rh1 76. Rb6 Rf1+ 77. Ke4 Re1+ 78. Kf4
Kf8 79. Kg5 Rg1+ 80. Kf6 Kg8 81. Rb8+ Kh7 82. Kf7 Rg7+ 83. Ke6 Rc7 84. f6 Rc6+
85. Ke5 Kg6 86. Rg8+ Kf7 87. Rg7+ Kf8 88. Rg2 Rc5+ 89. Ke6 Rc6+ 90. Kf5 Rd6 91.
Rg7 Rd5+ 92. Ke6 Rd4 93. Rf7+ Kg8 94. Ra7 Re4+ 95. Kf5 Rh4 96. Rg7+ Kf8 97. Rd7
Rh3 98. Rb7 Rh4 99. Rg7 Rh3 100. Ke4 Rh5 101. Kf4 Rd5 102. Re7 Rh5 103. Rb7 Rh3
104. Rc7 Rh2 105. Kf5 Rf2+ 106. Ke5 Re2+ 107. Kd6 Rf2 108. Ke6 Re2+ 109. Kd5
Rf2 110. Ke6 Re2+ 111. Kd7 Re8 112. Kd6 Rd8+ 113. Ke6 Re8+ 114. Re7 Rd8 115.
Rf7+ Kg8 116. Rg7+ Kf8 117. Rg1 Re8+ 118. Kf5 Re3 119. Kg6 Rf3 120. Rg2 Rh3
121. Rg4 Rh2 122. Rg1 Rf2 123. Rg3 Rh2 124. Rg4 Rh1 125. Rg5 Rf1 126. Rg2 Rh1
127. Re2 Rg1+ 128. Kf5 Rh1 129. Re7 Rg1 130. Re4 Rh1 131. Kg6 Rg1+ 132. Kf5 Rh1
133. Ke6 Rg1 134. f7 Rg6+ 135. Kf5 Kxf7 136. Kf4 Rh6 137. Re5 Rh4+ 138. Kf3
Rh3+ 139. Kf4 Rh2 140. Rf5+ Kg7 141. Rg5+ Kh7 142. Kf5 Rh1 143. Rg4 Rf1+ 144.
Rf4 Rxf4+ 145. Kxf4 {Game drawn because neither player has mating material}
1/2-1/2

[Event "ICS Rated blitz match"]
[Site "204.178.125.65"]
[Date "2000.09.24"]
[Round "?"]
[White "Hossa"]
[Black "Varguz"]
[Result "1-0"]
[WhiteElo "2588"]
[BlackElo "2777"]
[PlyCount "137"]
[EventDate "2000.??.??"]

1. d4 Nf6 2. c4 g6 3. Nc3 Bg7 4. e4 d6 5. Be2 O-O 6. Nf3 e5 7. O-O Nc6 8. d5
Ne7 9. Qc2 Bg4 10. h3 Bxf3 11. Bxf3 c6 12. Be3 cxd5 13. cxd5 a6 14. Qb3 Qd7 15.
Rac1 Rfb8 16. Qb6 Nc8 17. Qa5 b6 18. Qa4 Qd8 19. Nb1 b5 20. Qa3 Ne7 21. Qb4 a5
22. Qb3 b4 23. Qc2 Qf8 24. Qc7 Ne8 25. Qd7 Rd8 26. Qb5 Rdb8 27. Qa4 f5 28. Bg5
fxe4 29. Bxe4 Nf6 30. Rc7 Nxe4 31. Bxe7 Qf5 32. Qd7 Qxd7 33. Rxd7 Bf8 34. Bxf8
Rxf8 35. f3 Ng3 36. Re1 Rfd8 37. Rxd8+ Rxd8 38. Kh2 Nf5 39. Nd2 Rc8 40. Ne4 Rc2
41. Rb1 Nh4 42. Nxd6 Rxg2+ 43. Kh1 Rc2 44. Rf1 Rxb2 45. Nc4 Rc2 46. Nxa5 Rxa2
47. Nc4 Re2 48. d6 Ra2 49. d7 Ra8 50. Nxe5 Kg7 51. Nc6 b3 52. d8=Q Rxd8 53.
Nxd8 Nf5 54. Rb1 Nd4 55. Kg2 Kf6 56. Nb7 Kg5 57. Nc5 h6 58. Nxb3 Nf5 59. Re1
Kf6 60. Nc5 Kf7 61. f4 Nd4 62. Re4 Nf5 63. Kf3 Kf8 64. Kg4 Kf7 65. h4 Ng7 66.
Ra4 Kg8 67. Ra7 Nf5 68. h5 Ne3+ 69. Kf3 {Varguz resigns} 1-0

[Event "ICS Rated blitz match"]
[Site "204.178.125.65"]
[Date "2000.09.24"]
[Round "?"]
[White "Hossa"]
[Black "mid"]
[Result "0-1"]
[WhiteElo "2618"]
[BlackElo "2352"]
[PlyCount "139"]
[EventDate "2000.??.??"]

1. d4 Nf6 2. c4 g6 3. Nc3 d5 4. Qb3 dxc4 5. Qxc4 Bg7 6. e4 O-O 7. Nf3 a6 8. Bd3
b5 9. Qb4 Nc6 10. Qc5 Bb7 11. Be3 h6 12. Ne2 Nd7 13. Qc3 Nb6 14. O-O e6 15. Qd2
Kh7 16. Rac1 Qd7 17. d5 exd5 18. exd5 Nxd5 19. Rfd1 Rad8 20. Bc5 Rfe8 21. Ng3
Ne5 22. Nxe5 Bxe5 23. Qc2 c6 24. Be2 Qe6 25. Bf3 Nf4 26. b4 Rxd1+ 27. Rxd1 Nd5
28. Re1 Qc8 29. Qc1 Bg7 30. Rxe8 Qxe8 31. Ne4 Bc8 32. Nd6 Qe6 33. Qd1 Bd7 34.
Qd2 Qe5 35. Nxf7 Qa1+ 36. Qd1 Qxa2 37. Nd8 Qa1 38. Qxa1 Bxa1 39. Nf7 Bc3 40.
Bxd5 cxd5 41. Kf1 Bf5 42. Ke2 Bc2 43. Bd6 d4 44. Ne5 Kg7 45. Bc5 Kf6 46. f4 Kf5
47. Kf3 d3 48. g4+ Ke6 49. Nxd3 Bxd3 50. Ke3 Bc2 51. h4 Bf6 52. h5 gxh5 53.
gxh5 Kf5 54. Bf8 Bd1 55. Bxh6 Bxh5 56. Bf8 Bf7 57. Bd6 Bc4 58. Kf3 Bc3 59. Bc5
Bd2 60. Bd6 Bd5+ 61. Ke2 Bxf4 62. Be7 Ke4 63. Bc5 Bc4+ 64. Ke1 Kd3 65. Kf2 Bd2
66. Kf3 Bc3 67. Kf4 Bd5 68. Bd6 Kc4 69. Bc7 Bxb4 70. Ke3 {Hossa resigns} 0-1

[Event "ICS Rated blitz match"]
[Site "204.178.125.65"]
[Date "2000.09.24"]
[Round "?"]
[White "Colorado"]
[Black "Hossa"]
[Result "1-0"]
[WhiteElo "2690"]
[BlackElo "2592"]
[PlyCount "97"]
[EventDate "2000.??.??"]

1. d4 g6 2. e4 c5 3. Nf3 cxd4 4. Nxd4 Bg7 5. Nc3 Nc6 6. Be3 d6 7. Bc4 Nf6 8. f3
O-O 9. Qd2 Nxd4 10. Bxd4 e5 11. Be3 Qc7 12. Bb3 Qc6 13. O-O-O Rd8 14. Qf2 Be6
15. Bxe6 fxe6 16. Bxa7 Nd7 17. Be3 b5 18. Bg5 Nf6 19. Qh4 Rf8 20. Qh3 Rae8 21.
a3 Qc5 22. Rd3 b4 23. axb4 Qxb4 24. Rhd1 d5 25. Bxf6 Bxf6 26. exd5 e4 27. fxe4
exd5 28. exd5 Rf7 29. d6 Bg5+ 30. Kb1 Rb8 31. b3 Qa3 32. d7 Rd8 33. Rf3 Rxf3
34. Qxf3 Kg7 35. Ne4 Bh4 36. Qc3+ Kg8 37. Nc5 Ra8 38. Qc4+ Kg7 39. Ne6+ Kf6 40.
d8=Q+ Rxd8 41. Nxd8 Kg7 42. Rd7+ Be7 43. Qf7+ Kh6 44. Rxe7 Qd6 45. Qxh7+ Kg5
46. Nf7+ Kf5 47. Nxd6+ Kf6 48. g3 g5 49. Qf7# {Hossa checkmated} 1-0

[Event "ICS rated blitz match"]
[Site "204.178.125.65"]
[Date "2000.09.24"]
[Round "?"]
[White "Hossa"]
[Black "Varguz"]
[Result "1-0"]
[WhiteElo "2580"]
[BlackElo "2753"]
[PlyCount "149"]
[EventDate "2000.??.??"]

1. d4 Nf6 2. c4 g6 3. Nc3 Bg7 4. e4 d6 5. Be2 O-O 6. Nf3 e5 7. O-O Nc6 8. d5
Ne7 9. Qc2 c5 10. Qb3 b6 11. Qc2 Bd7 12. Bg5 a6 13. Qd2 Rc8 14. Ne1 Ne8 15. Nc2
Ra8 16. Bh6 Bxh6 17. Qxh6 Nc7 18. f4 f6 19. fxe5 fxe5 20. Qg5 Rxf1+ 21. Rxf1
Nc6 22. Qf6 Nd4 23. Qf7+ Kh8 24. Bd3 b5 25. Ne3 b4 26. Ne2 Qg5 27. Nc2 Rd8 28.
b3 Nxc2 29. Bxc2 Bh3 30. Ng3 Bd7 31. Bd1 a5 32. Rf2 a4 33. bxa4 Na8 34. a5 Nc7
35. Nf1 Na6 36. Bb3 Bh3 37. Ba4 Rg8 38. Bb5 Nb8 39. a6 Nxa6 40. Bxa6 Bg4 41.
Bb5 Qd8 42. Bc6 Bc8 43. Ne3 Qg5 44. Qf6+ Qxf6 45. Rxf6 Rd8 46. g4 Kg7 47. Rf3
Rf8 48. Rxf8 Kxf8 49. Kf2 h6 50. h4 Ba6 51. h5 gxh5 52. gxh5 Bc8 53. Nf5 Bxf5
54. exf5 Ke7 55. Ba4 Kf6 56. Bc2 Ke7 57. Be4 Kf6 58. Ke3 Ke7 59. Kf3 Kf7 60.
Kg3 Kf6 61. Bd3 Ke7 62. Kg4 Kf7 63. Kf3 Kf6 64. Bb1 Ke7 65. Kg4 Kf6 66. Bc2 Ke7
67. f6+ Kxf6 68. Be4 Ke7 69. Kf5 Kf7 70. Bc2 Ke7 71. Kg6 Ke8 72. Kxh6 Kf7 73.
Kh7 Kf6 74. h6 Kf7 75. Kh8 {Varguz resigns} 1-0

[Event "ICS rated blitz match"]
[Site "204.178.125.65"]
[Date "2000.09.24"]
[Round "?"]
[White "Varguz"]
[Black "Hossa"]
[Result "1-0"]
[WhiteElo "2730"]
[BlackElo "2603"]
[PlyCount "41"]
[EventDate "2000.??.??"]

1. e4 d5 2. exd5 Qxd5 3. Nc3 Qa5 4. d4 c6 5. Nf3 Nf6 6. Bc4 Bf5 7. Bd2 e6 8.
Qe2 Bxc2 9. d5 cxd5 10. Nxd5 Qd8 11. Nxf6+ Qxf6 12. Bb5+ Nc6 13. Qc4 Rc8 14.
Qxc2 a6 15. Bxc6+ Rxc6 16. Qb3 b5 17. a4 Rc5 18. O-O Be7 19. Bc3 e5 20. Rfe1
Qg6 21. Nxe5 {Hossa resigns} 1-0

[Event "ICS rated blitz match"]
[Site "204.178.125.65"]
[Date "2000.09.24"]
[Round "?"]
[White "Hossa"]
[Black "Varguz"]
[Result "1/2-1/2"]
[WhiteElo "2593"]
[BlackElo "2740"]
[PlyCount "27"]
[EventDate "2000.??.??"]

1. d4 Nf6 2. c4 e6 3. g3 d5 4. Bg2 dxc4 5. Nf3 c5 6. Qa4+ Bd7 7. Qxc4 Bc6 8.
dxc5 Nbd7 9. Be3 Bd5 10. Qa4 Bc6 11. Qc4 Bd5 12. Qa4 Bc6 13. Qc4 Bd5 14. Qa4 {
Game drawn by repetition} 1/2-1/2

[Event "ICS rated blitz match"]
[Site "204.178.125.65"]
[Date "2000.09.24"]
[Round "?"]
[White "PostModernist"]
[Black "Hossa"]
[Result "1-0"]
[WhiteElo "2698"]
[BlackElo "2599"]
[PlyCount "117"]
[EventDate "2000.??.??"]

1. e4 g6 2. d4 Bg7 3. c4 Nf6 4. Nc3 d6 5. f3 O-O 6. Be3 Na6 7. Qd2 e5 8. d5 c6
9. Nge2 Kh8 10. dxc6 bxc6 11. O-O-O Be6 12. Ng3 Ne8 13. c5 Qa5 14. cxd6 Nc5 15.
Nb1 Bxa2 16. Qxa5 Nb3+ 17. Kc2 Nxa5 18. d7 Bb3+ 19. Kc3 Bxd1 20. dxe8=Q Rfxe8
21. b4 Nb3 22. Bd3 Bxf3 23. gxf3 Nd4 24. Bc4 f5 25. exf5 gxf5 26. Kd3 Rad8 27.
Nh5 Nxf3+ 28. Ke2 Nd4+ 29. Kf2 f4 30. Bd2 Bh6 31. Bc3 Bg5 32. Nd2 Bh4+ 33. Kf1
Re7 34. Rg1 h6 35. Kg2 Rdd7 36. Ne4 Re8 37. Kh3 Nf3 38. Rg6 Ng5+ 39. Kxh4 Kh7
40. Rxg5 hxg5+ 41. Kxg5 Rg7+ 42. Nxg7 Kxg7 43. Nf6 Ra8 44. Nd7 Kh7 45. Bd3+ Kg7
46. Nxe5 Kg8 47. Kxf4 Rf8+ 48. Bf5 Rf6 49. Kg5 Rd6 50. h4 Rd1 51. Nxc6 Rc1 52.
Ne7+ Kf7 53. Bf6 Rg1+ 54. Bg4 Rxg4+ 55. Kxg4 Kxf6 56. Nc6 a6 57. h5 Kf7 58. h6
Kg8 59. h7+ {Hossa resigns} 1-0

[Event "ICS rated blitz match"]
[Site "204.178.125.65"]
[Date "2000.09.24"]
[Round "?"]
[White "Varguz"]
[Black "Hossa"]
[Result "1-0"]
[WhiteElo "2734"]
[BlackElo "2587"]
[PlyCount "85"]
[EventDate "2000.??.??"]

1. d4 Nf6 2. Nf3 g6 3. Bf4 Bg7 4. e3 O-O 5. h3 c5 6. c3 d6 7. dxc5 dxc5 8. Qxd8
Rxd8 9. Bc7 Rd7 10. Bh2 Ne8 11. Nbd2 Rd8 12. O-O-O Be6 13. Nb3 Rxd1+ 14. Kxd1
Nd7 15. Ng5 Bd5 16. e4 Bxb3+ 17. axb3 Rd8 18. Kc2 Be5 19. f4 Bc7 20. Bc4 Nd6
21. Bd3 h6 22. Nf3 f5 23. exf5 Nxf5 24. Re1 Kf7 25. g4 Nd6 26. Ne5+ Nxe5 27.
fxe5 Ne8 28. Rf1+ Kg7 29. Bc4 b5 30. Bxb5 h5 31. Bc4 hxg4 32. Rf7+ Kh6 33. hxg4
Bb6 34. g5+ Kxg5 35. Bf4+ Kg4 36. Be2+ Kh3 37. Bf3 Ng7 38. Rxg7 Rh8 39. Rxg6 c4
40. Rg2 Bg1 41. Rxg1 cxb3+ 42. Kb1 Rd8 43. Rh1# {Hossa checkmated} 1-0